Elektronický podpis a jeho využitie v účtovníctve diplomová práca

Guardado en:
Detalles Bibliográficos
Autor principal: Choutka, Matej
Autor Corporativo: Fakulta hospodárskej informatiky EU. Katedra účtovníctva a audítorstva
Otros Autores: Parajka, Branislav, 1981-
Formato: Libro
Lenguaje:eslovaco
Publicado: Bratislava 2018
Etiquetas: Agregar Etiqueta
Sin Etiquetas, Sea el primero en etiquetar este registro!

MARC

LEADER 00000nbm a2200000 4500
001 0243509
005 20181108091313.6
041 0 |a slo 
044 |a SK 
245 1 0 |a Elektronický podpis a jeho využitie v účtovníctve  |b diplomová práca  |c Matej Choutka ; školiteľ: Branislav Parajka 
264 1 |a Bratislava  |c 2018 
300 |a 59 s. 
100 1 |a Choutka, Matej 
700 1 |a Parajka, Branislav, 1981- 
710 2 |a Fakulta hospodárskej informatiky EU. Katedra účtovníctva a audítorstva